Podaj polski tytuł książki - Statystyki

Ogólne statystyki
  • Ten quiz został rozwiązany 50 razy
  • Średni wynik to 5 z 8
Statystyki odpowiedzi
Obrazkowy Odpowiedź % Poprawnych
Okrutny książe
88%
Gdzie śpiewają raki
83%
Siedmiu mężów Evelyn Hugo
73%
Cień i kość
71%
Pieśń o Achillesie
67%
Niekończącą się historia
58%
Czerwień rubinu
31%
A jeśli jesteśmy złoczyńcami
23%
Nie znaleziono quizów pasujących do podanych kryteriów
Rozkład punktacji
Procent ludzi z każdym wynikiem
Percentyl według liczby udzielonych odpowiedzi
Twoja historia wyników
Nie rozwiązałeś tego quizu